[Event "Martigny op"]
[Site "Martigny"]
[Date "2005.07.30"]
[Round "3"]
[White "Cottier, Valentin"]
[Black "Grillon, Alexandre"]
[Result "0-1"]
[WhiteElo "1548"]
[BlackElo "1828"]
[PlyCount "46"]
[EventDate "2005.07.29"]
[EventType "swiss"]
[EventRounds "7"]
[EventCountry "SUI"]
[SourceTitle "CBM 107 Extra"]
[Source "ChessBase"]
[SourceDate "2005.09.01"]
[SourceVersion "1"]
[SourceVersionDate "2005.09.01"]
[SourceQuality "1"]

1. d4 Nf6 2. c4 g6 3. Nc3 Bg7 4. e4 d6 5. f3 0-0 6. Be3 Nbd7 7. Qd2 c5 8. d5 a6 9. g4 Ne5 10. h4 h5 11. gxh5 Nxh5 12. b3 Qa5 13. Rc1 Rb8 14. Be2 b5 15. cxb5 axb5 16. f4 Ng4 17. Rc2 Ng3 18. Rh3 Nxe3 19. Rxg3 Nxc2+ 20. Qxc2 e6 21. h5 exd5 22. exd5 Bf5 23. Bd3 Qxc3+ 0-1